Beyond economic man : a new foundation for microeconomics
Saved in:
| Main Author: | |
|---|---|
| Format: | Book |
| Language: | English |
| Published: |
Cambridge, Massachusetts :
Harvard University press,
1980
|
| Subjects: | |
| Tags: |
Add Tag
No Tags, Be the first to tag this record!
|
MARC
| LEADER | 00000nam a2200000 i 4500 | ||
|---|---|---|---|
| 001 | 1/50589 | ||
| 008 | 960410s1980 eng d | ||
| 020 | |a 0-674-06891-2 | ||
| 035 | |l 10027029 | ||
| 040 | |a GR-MY-UA |b gre |e aacr | ||
| 041 | 0 | |a eng | |
| 082 | 0 | |a 330 | |
| 100 | 1 | |a Leibenstein, Harvey. | |
| 245 | 1 | 0 | |a Beyond economic man : |b a new foundation for microeconomics / |c Harvey Leibenstein |
| 260 | |a Cambridge, Massachusetts : |b Harvard University press, |c 1980 | ||
| 300 | |a 298 p. | ||
| 500 | |a Includes bibliographical references and index | ||
| 650 | 0 | 0 | |a Microeconomics. |
| 852 | |a INST |b CHIOS |e 19960410 |h 330 LEI |p 005200003240 |q 005200003240 |t BK |y 0 | ||
| 909 | |a Χ |b 023336 | ||